Las uvas de la ira = The Grapes of Wrath /

Bewaard in:
Bibliografische gegevens
Hoofdauteur: Ford, John (realización)
Andere auteurs: Johnson, Nunnally (guión) (guión), Toland, Gregg (fotógrafo) (fotógrafo), Simpson, Robert L. (montaje) (montaje), Newman, Alfred (música) (música), Fonda, Henry (actuación) (actuación), Darwell, Jane (actuación) (actuación), Carradine, John (actuación) (actuación)
Formaat: Dia
Taal:Engels
Gepubliceerd in: Los Angeles, EUA : Twentieth Century Fox, 1940, c1967
Reeks:(Studio Classics ; 15)
Onderwerpen:
Tags: Voeg label toe
Geen labels, Wees de eerste die dit record labelt!

MARC

LEADER 00000ngm^a2200000^a^4500
001 000188590
005 20251020000000.0
009 20260310102342.114
037 |a Acervo ITESO - Biblioteca 
041 |a ING 
082 |a 810.  |b FOR 
100 |a Ford, John  |e (realización) 
240 1 5 |a [Las uvas de la ira] 
240 1 5 |a [Las uvas de la ira. Adaptaciones] 
240 1 1 |a [Viacrucis, película de John Ford] 
245 1 4 |a Las uvas de la ira =  |b The Grapes of Wrath /  |c Realización de J. Ford. 
246 2 |a Título en México: Viacrucis [salas de cine] 
246 2 |a Título en México: Las uvas de la ira [DVD] 
264 4 |a Los Angeles, EUA :  |b Twentieth Century Fox,  |c 1940, c1967 
264 2 |a México :  |b Twentieth Century Fox [distribución],  |c 2005, c2005 
300 |a 1 DVD región 4 (129 min.) :  |b blanco y negro +  |e 1 lámina 
336 |a imagen móvil bidimensional  |b tdi  |2 rdacontenido 
337 |a video  |b v  |2 rdamedio 
338 |a videodisco  |b vd  |2 rdasoporte 
440 1 |a (Studio Classics ;  |v 15) 
500 |a Basado en: Las uvas de la ira, de John Steinbeck 
546 |a En inglés, con subtítulos opcionales: español, coreano, inglés, portugués 
546 |a Doblaje opcional: español 
586 |a Premio Oscar, de la Academia Norteamericana de Cine (13°: 1940): Mejor Película (finalista) 
586 |a Premio Oscar, de la Academia Norteamericana de Cine (13°: 1940): Mejor Dirección (ganador: John Ford) 
586 |a Mejores Películas de la Historia: Encuesta de la revista Sight and Sound, selección de críticos (1952): 13ª, ex aequo 
586 |a Registro Nacional de Cine de la Biblioteca del Congreso: Declaraciones de 1989 
586 |a Premio Pulitzer 1940, categoría Ficción: Adaptación de la obra 
586 |a Premio Nobel de Literatura 1962: Adaptaciones de sus obras 
649 |a XX 
650 |a Agricultores en el Cine 
650 |a Agricultores Norteamericanos -  |x Historia -  |y 1919-1933 
650 |a Familia en el Cine 
650 |a Cine Social y Político 
650 |a Dramas Cinematográficos 
650 |a Cine en Blanco y Negro -  |z EUA 
650 |a Cine Norteamericano -  |y 1940-1949 
650 |a Cine Norteamericano -  |y Siglo XX 
650 |a Novela Norteamericana -  |x Adaptaciones para Cine 
650 |a Literatura Norteamericana -  |y Siglo XX -  |x Adaptaciones para Cine 
650 |a Literatura y Cine 
650 |a Lealtad 
650 |a Amistad 
650 |a Dignidad 
650 |a Venganza 
650 |a Desarrollo Moral 
650 |a Emigración -  |z Oklahoma, EUA -  |x Historia -  |y 1919-1933 
650 |a Inmigración -  |z California, EUA -  |x Historia -  |y 1919-1933 
650 |a Migración Interna -  |z EUA -  |x Historia -  |y 1919-1933 
650 |a Granjas y Ranchos -  |z EUA -  |x Historia -  |y 1919-1933 
650 |a Pobreza -  |z California, EUA -  |x Historia -  |y 1919-1933 
650 |a Pobreza -  |z EUA -  |x Historia -  |y 1919-1933 
650 |a Explotación -  |z EUA -  |x Historia -  |y 1919-1933 
650 |a Empleo y Desempleo -  |z EUA -  |x Historia -  |y 1919-1933 
650 |a Problemas Sociales -  |z EUA -  |x Historia -  |y 1919-1933 
650 |a Huelgas y Paros -  |z EUA -  |x Historia -  |y 1919-1933 
650 |a Sindicalismo -  |z EUA -  |x Historia -  |y 1919-1933 
650 |a Viticultura y Enología -  |z EUA -  |x Aspectos Económicos 
650 |a Agricultura -  |z EUA -  |x Aspectos Económicos 
650 |a Crisis Económica -  |z EUA -  |x Historia -  |y 1919-1933 -  |x Tema Principal 
650 |a Economía -  |z EUA -  |x Historia -  |y 1919-1933 
650 |a Oklahoma, EUA en el Cine 
650 |a Oklahoma, EUA -  |x Historia -  |y 1919-1933 
650 |a California, EUA en el Cine 
650 |a California, EUA -  |x Historia -  |y 1919-1933 
650 |a EUA -  |x Historia -  |y 1919-1933 
650 |a EUA -  |x Historia -  |y Siglo XX 
700 |a Johnson, Nunnally  |e (guión) 
700 |a Toland, Gregg  |e (fotógrafo) 
700 |a Simpson, Robert L.  |e (montaje) 
700 |a Newman, Alfred  |e (música) 
700 |a Fonda, Henry  |e (actuación) 
700 |a Darwell, Jane  |e (actuación) 
700 |a Carradine, John  |e (actuación) 
910 |a Fondo General 
920 |a Audiovisuales - DVDs 
940 |a Películas 
905 |a 302 
901 |a 0500129210  |b IT2  |c DVS  |u 20250521 
901 |a 0500240325  |b IT2  |c MIN  |u 20251020 
902 |a https://opac.biblio.iteso.mx/vufind/Record/000188590